| 000 | 00496nam a2200205Ia 4500 | ||
|---|---|---|---|
| 003 | OSt | ||
| 005 | 20250428180102.0 | ||
| 008 | 210423s2010 xx 000 0 und d | ||
| 020 | _a9788181283030 | ||
| 040 | _cAL | ||
| 041 | _aeng | ||
| 082 | _a516.35 HARA | ||
| 100 |
_aHARTSHORNE (Robin). _990392 |
||
| 245 | _aAlgebraic geometry. | ||
| 260 |
_aNew Delhi _bSpringer Pvt Ltd _c2010 |
||
| 300 |
_axvi,496 _bPB |
||
| 365 |
_b395 _cINR |
||
| 906 | _aAlgebraic ; geometry. | ||
| 942 |
_2ddc _cBK |
||
| 999 |
_c160128 _d160128 |
||